书目信息 |
| 题名: |
城市地下空间设计理论与实践
|
|
| 作者: | 高涛 , 李炳南 著 | |
| 分册: | ||
| 出版信息: | 徐州 中国矿业大学出版社 2019.11 |
|
| 页数: | 182页 | |
| 开本: | 26cm | |
| 丛书名: | ||
| 单 册: | ||
| 中图分类: | TU92 | |
| 科图分类: | ||
| 主题词: | 城市空间--cheng shi kong jian--地下建筑物--建筑设计--研究 | |
| 电子资源: | ||
| ISBN: | 978-7-5646-2834-5 | |
| 000 | 00967nam0 2200253 450 | |
| 001 | 0100028880 | |
| 005 | 20211025120159.0 | |
| 010 | @a978-7-5646-2834-5@dCNY45.00 | |
| 100 | @a20210205d2019 em y0chiy50 ea | |
| 101 | 0 | @achi |
| 102 | @aCN@b320000 | |
| 105 | @aak a 000yy | |
| 106 | @ar | |
| 200 | 1 | @a城市地下空间设计理论与实践@Acheng shi di xia kong jian she ji li lun yu shi jian@f高涛, 李炳南著 |
| 210 | @a徐州@c中国矿业大学出版社@d2019.11 | |
| 215 | @a182页@c图@d26cm | |
| 320 | @a有书目 (第181-182页) | |
| 330 | @a本书内容主要包括城市地下空资源开发理论, 城市地下空间资源评价方法研究、城市地下空间规划、城市地下空间设计, 城市地下交通、城市地下公共空间、城市地下结藏、城市地下安全管理、城市地下资源开发的信息化技术。 | |
| 606 | 0 | @a城市空间@Acheng shi kong jian@x地下建筑物@x建筑设计@x研究 |
| 690 | @aTU92@v5 | |
| 701 | 0 | @a高涛@Agao tao@4著 |
| 701 | 0 | @a李炳南@Ali bing nan@4著 |
| 801 | 0 | @aCN@c20210909 |
| 905 | @a河南城建学院图书馆@dTU92@eG186 | |
| 城市地下空间设计理论与实践/高涛, 李炳南著.-徐州:中国矿业大学出版社,2019.11 |
| 182页:图;26cm |
| ISBN 978-7-5646-2834-5:CNY45.00 |
| 本书内容主要包括城市地下空资源开发理论, 城市地下空间资源评价方法研究、城市地下空间规划、城市地下空间设计, 城市地下交通、城市地下公共空间、城市地下结藏、城市地下安全管理、城市地下资源开发的信息化技术。 |
| ● |
| 相关链接 |
|
|
|
正题名:城市地下空间设计理论与实践
索取号:TU92/G186
 
预约/预借
| 序号 | 登录号 | 条形码 | 馆藏地/架位号 | 状态 | 备注 |
| 1 | 1546188 | 215461881 | 建筑库201/201建筑库 56排4列2层/ [索取号:TU92/G186] | 在馆 | |
| 2 | 1546189 | 215461890 | 建筑库201/201建筑库 56排4列2层/ [索取号:TU92/G186] | 在馆 |